[Event "HUN-chT2 Barcza 1213"]
[Site "Hungary"]
[Date "2012.11.18"]
[Round "4.12"]
[White "Pribelszky, Bence"]
[Black "Radai, Zoltan Mate"]
[Result "0-1"]
[WhiteElo "1678"]
[BlackElo "1509"]
[PlyCount "80"]
[EventDate "2012.09.16"]
[EventType "team-tourn"]
[EventRounds "11"]
[EventCountry "HUN"]
[SourceTitle "EXT 2014"]
[Source "ChessBase"]
[SourceDate "2013.11.20"]
[SourceVersion "1"]
[SourceVersionDate "2013.11.20"]
[SourceQuality "1"]
[WhiteTeam "Miskolc Kisbocsok"]
[BlackTeam "Piremon"]
[WhiteTeamCountry "HUN"]
[BlackTeamCountry "HUN"]

1. e4 e5 2. Nf3 Nc6 3. Bc4 Nf6 4. d3 Be7 5. c3 0-0 6. Bb3 d5 7. Qe2 d4 8. Nbd2 Nd7 9. Nf1 Nc5 10. Bc2 a5 11. a4 f5 12. Ng3 f4 13. Nf1 b6 14. Bd2 Ba6 15. Rd1 Rf6 16. cxd4 Nxd4 17. Nxd4 Qxd4 18. Bc3 Qd6 19. Qf3 Ne6 20. Bb3 Kh8 21. Bxe6 Qxe6 22. d4 Bd6 23. d5 Qe8 24. b3 Rc8 25. h3 c6 26. Nh2 cxd5 27. Rxd5 Rxc3 28. Qd1 Bb4 29. Rd2 Rd3 30. Nf3 Rfd6 31. 0-0 Bxd2 32. Qc2 Rc3 33. Qb2 Bxf1 34. Kxf1 Rc1+ 35. Ke2 Qc6 36. Nxd2 Rxd2+ 37. Kxd2 Rc5 38. b4 axb4 39. Qxb4 Qd6+ 40. Ke1 Rc1+ 0-1

[Event "HUN-chT2 Barcza 1213"]
[Site "Hungary"]
[Date "2012.11.04"]
[Round "3.12"]
[White "Acs, Petra"]
[Black "Radai, Zoltan Mate"]
[Result "1-0"]
[WhiteElo "1617"]
[BlackElo "1509"]
[PlyCount "107"]
[EventDate "2012.09.16"]
[EventType "team-tourn"]
[EventRounds "11"]
[EventCountry "HUN"]
[SourceTitle "EXT 2014"]
[Source "ChessBase"]
[SourceDate "2013.11.20"]
[SourceVersion "1"]
[SourceVersionDate "2013.11.20"]
[SourceQuality "1"]
[WhiteTeam "Miskolc EMSE"]
[BlackTeam "Piremon"]
[WhiteTeamCountry "HUN"]
[BlackTeamCountry "HUN"]

1. e4 c6 2. d4 d5 3. Nc3 dxe4 4. Nxe4 Bf5 5. Ng3 Bg6 6. Nf3 h6 7. Bc4 e6 8. 0-0 Bd6 9. Be3 Nd7 10. Bd3 Bxd3 11. Qxd3 Ngf6 12. Rfe1 Qc7 13. c4 b6 14. Rac1 0-0 15. Ne4 Be7 16. b3 Rfd8 17. Nxf6+ Nxf6 18. Qe2 a6 19. h3 Rac8 20. Red1 Qb7 21. Bf4 Bd6 22. Be5 Bxe5 23. dxe5 Nd7 24. Rd6 Nf8 25. Rcd1 Rxd6 26. Rxd6 Rc7 27. Qe4 c5 28. Qxb7 Rxb7 29. Kf1 Kh7 30. Ke2 Kg6 31. Nh4+ Kh5 32. g3 g5 33. Ng2 Kg6 34. Ke3 f6 35. exf6 Kxf6 36. Ke4 Ke7 37. Rd3 Nd7 38. f4 Nf6+ 39. Ke3 g4 40. hxg4 Nxg4+ 41. Kf3 Nh2+ 42. Ke4 Ng4 43. Kf3 Nh2+ 44. Ke2 h5 45. Ne3 Kf6 46. Rd1 Ng4 47. Nxg4+ hxg4 48. Rh1 Kf5 49. Rh5+ Kf6 50. Rg5 Rg7 51. Rxg7 Kxg7 52. Ke3 Kf6 53. Ke4 b5 54. a3 1-0